[Event "AUTO-ADV-4910"]
[Site "http://www.queenalice.com/game.php?id=1867394"]
[Date "2025.12.27"]
[Round "1"]
[White "game"]
[Black "Castling"]
[Result "1-0"]
[WhiteElo "1685"]
[BlackElo "1782"]

1. e4 e5 2. Nf3 d6 3. d4 h6 4. Bb5+ Bd7 5. Qe2 a6 6. Bc4 Nf6 7. dxe5 d5 8. exd5
Ng8 9. e6 Bb4+ 10. Bd2 Bxd2+ 11. Nbxd2 Bb5 12. Ne5 Bxc4 13. Ndxc4 fxe6 14. Qf3
Qf6 15. Qh5+ g6 16. Nxg6 Qf7 17. Nce5 Nf6 18. dxe6 Nxh5 19. Nxf7 Rg8 20. Nfe5
Nc6 21. O-O-O Nxe5 22. Nxe5 Rxg2 23. Rd7 Rxf2 24. Rg1 Nf6 25. Rxc7 Re2 26. Ng4
Nxg4 27. Rxg4 Kf8 28. Rf7+ Ke8 29. Rg8# 1-0

[Event "AUTO-ADV-4910"]
[Site "http://www.queenalice.com/game.php?id=1867395"]
[Date "2025.12.27"]
[Round "1"]
[White "Castling"]
[Black "game"]
[Result "1-0"]
[WhiteElo "1763"]
[BlackElo "1693"]

1. e4 c5 2. Bc4 e5 3. Nf3 d6 4. h3 Be6 5. Qe2 Qa5 6. Bxe6 fxe6 7. Nc3 Nc6 8. a3
Nb4 9. Qd1 Nf6 10. d3 Nc6 11. Bd2 d5 12. Nxd5 Qd8 13. Nxf6+ Qxf6 14. Bg5 Qg6 15.
O-O Be7 16. Bxe7 Nxe7 17. Nxe5 Qf6 18. d4 Rd8 19. Ng4 Qf4 20. Qf3 Qd2 21. c3
cxd4 22. Rfd1 Qxb2 23. Ne5 Rf8 24. Qh5+ Ng6 25. Rf1 dxc3 26. Nxg6 hxg6 27. Qxg6+
Rf7 28. Qxe6+ Re7 29. Qg8+ Kd7 30. Rad1+ Kc7 31. Qxd8+ Kc6 32. Qxe7 Kb6 33. Rb1
1-0

[Event "AUTO-OPEN-4632"]
[Site "http://www.queenalice.com/game.php?id=1867455"]
[Date "2025.12.29"]
[Round "1"]
[White "Carlos19"]
[Black "game"]
[Result "0-1"]
[WhiteElo "1704"]
[BlackElo "1700"]

1. e4 c5 2. Bc4 e5 3. d3 Nf6 4. Nf3 Nc6 5. Ng5 d5 6. exd5 Nxd5 7. Nc3 Be6 8.
Nxe6 fxe6 9. Bb5 Nf4 10. Bxf4 exf4 11. O-O Qh4 12. g3 fxg3 13. fxg3 Qd4+ 14. Kg2
Bd6 15. Bxc6+ bxc6 16. a3 Kd7 17. Rb1 h5 18. Rf7+ Be7 19. Rxg7 Rhf8 20. Qxh5
Qf2+ 21. Kh3 Rh8 22. Rh7 Qf6 23. Ne4 Qd4 24. Qf7 Rxh7+ 25. Qxh7 Rh8 26. Qxh8
Qxh8+ 27. Kg2 Qd4 28. g4 Bh4 29. Kh3 Be7 30. b4 Qe3+ 31. Ng3 Qd2 32. Rb2 Qc1 33.
Ra2 Qb1 34. bxc5 Qxa2 35. c4 Qf2 36. a4 Qxc5 37. Nh5 Qe3+ 38. Kg2 Qxd3 39. a5
Qxc4 40. Kg3 Qc3+ 41. Kg2 Qxa5 42. h3 Bh4 43. Ng7 Qd5+ 44. Kf1 Qf3+ 45. Kg1 Qd1+
46. Kh2 a5 47. Nh5 a4 0-1

[Event "AUTO-OPEN-4632"]
[Site "http://www.queenalice.com/game.php?id=1867456"]
[Date "2025.12.29"]
[Round "1"]
[White "game"]
[Black "Carlos19"]
[Result "0-1"]
[WhiteElo "1722"]
[BlackElo "1708"]

1. e4 e5 2. Nf3 Nc6 3. Bb5 a6 4. Bc4 h6 5. d4 d6 6. d5 Na5 7. Qe2 Nxc4 8. Qxc4
b5 9. Qc6+ Bd7 10. Qc3 f5 11. exf5 Bxf5 12. O-O Be4 13. Qc6+ Kf7 14. Nc3 Bxf3
15. gxf3 Nf6 16. Ne4 Be7 17. b4 Qb8 18. Nxf6 Bxf6 19. Qd7+ Kg6 20. Qg4+ Kf7 21.
Qd7+ Kg6 22. Qg4+ Kh7 23. Qd7 e4 24. fxe4 Bxa1 25. Qf5+ g6 26. Qd7+ Bg7 27. Bb2
Rg8 28. f4 Qd8 29. Qf7 Qf8 30. Qxc7 Kh8 31. Bc1 Rc8 32. Qb7 Bd4+ 33. Kh1 g5 34.
Qxa6 Rb8 35. Qa3 Be5 36. f5 Rc8 37. Rf2 Bd4 38. Be3 Bxe3 39. Qxe3 Ra8 40. f6 Rg6
41. f7 Rxa2 42. Qd4+ Kh7 43. Qb6 Kg7 44. Kg2 h5 45. Qxb5 Ra7 46. Qb6 Rxf7 47. c4
Rxf2+ 48. Qxf2 Qe7 49. Qd4+ Kh6 50. Kf3 g4+ 51. Kg3 h4+ 52. Kf2 Rf6+ 53. Ke3
Rf3+ 54. Ke2 Rf4 55. Qh8+ Kg6 56. Qg8+ Qg7 57. Qe6+ Kh7 58. Ke3 Rf3+ 59. Ke2
Qb2+ 60. Ke1 Qf2+ 61. Kd1 Rd3+ 62. Kc1 Qd2+ 63. Kb1 Rb3+ 64. Ka1 Qb2# 0-1

[Event "AUTO-OPEN-4632"]
[Site "http://www.queenalice.com/game.php?id=1867473"]
[Date "2025.12.29"]
[Round "1"]
[White "game"]
[Black "dosoldini"]
[Result "0-1"]
[WhiteElo "1692"]
[BlackElo "1622"]

1. e4 e5 2. Nf3 Nc6 3. Bc4 Be7 4. d4 Bf6 5. d5 Nd4 6. Nxd4 exd4 7. O-O d6 8. f4
Bd7 9. f5 Be5 10. Bf4 Bxf4 11. Rxf4 Qf6 12. Na3 O-O-O 13. Nb5 Kb8 14. Nxd4 Qe5
15. Rg4 Nf6 16. Rxg7 Nxe4 17. Rxf7 h5 18. Nf3 Qxb2 19. Nh4 Qb6+ 20. Kf1 Qf2# 0-1

[Event "AUTO-INT-3948"]
[Site "http://www.queenalice.com/game.php?id=1867491"]
[Date "2026.1.1"]
[Round "2"]
[White "game"]
[Black "Carlos19"]
[Result "1-0"]
[WhiteElo "1664"]
[BlackElo "1714"]

1. e4 e5 2. Nf3 Nc6 3. Bc4 h6 4. d4 Bd6 5. d5 Na5 6. Bb3 Nf6 7. Bd2 Nxb3 8. axb3
Nxe4 9. Ra4 Bc5 10. Rxe4 Qf6 11. Rxe5+ Kd8 12. Bc3 Qd6 13. Na3 Bxa3 14. bxa3
Qxa3 15. O-O f6 16. Re4 d6 17. h4 h5 18. Nd4 f5 19. Re3 b6 20. Nb5 Qa6 21. Nd4
g6 22. Rfe1 Bd7 23. Ne6+ Bxe6 24. Bxh8 Ke7 25. Rxe6+ Kf7 26. Bd4 Kg8 27. Rxg6+
Kh7 28. Qxh5# 1-0

[Event "AUTO-INT-3948"]
[Site "http://www.queenalice.com/game.php?id=1867492"]
[Date "2026.1.1"]
[Round "2"]
[White "Carlos19"]
[Black "game"]
[Result "0-1"]
[WhiteElo "1700"]
[BlackElo "1646"]

1. e4 c5 2. Bc4 Nf6 3. Nc3 e5 4. d3 d6 5. Bg5 Be7 6. Qf3 Bg4 7. Qg3 Qb6 8. b3
O-O 9. Nd5 Nxd5 10. Qxg4 Nf6 11. Nf3 Nxg4 12. Bxe7 Re8 13. Bh4 Na6 14. a4 Qa5+
15. Ke2 Qc3 16. Rac1 Nb4 17. h3 Nf6 18. Bxf6 gxf6 19. Nh4 Na2 20. Rce1 Qxc2+ 21.
Kf3 Nb4 22. Rc1 Qd2 23. Rcd1 Qf4+ 24. Ke2 Qxh4 25. g3 Qh5+ 26. g4 Qh4 27. f3 d5
28. exd5 Qg3 29. Rdg1 Qf4 30. h4 Nc2 31. Kd1 Ne3+ 32. Ke2 Red8 33. h5 Nxc4 34.
bxc4 Qd4 35. Rb1 Qc3 36. Rxb7 Qc2+ 37. Ke3 Qxa4 38. Ke4 Rxd5 39. Rhb1 Rd4+ 40.
Ke3 Qa3 41. Rc7 Qxd3+ 0-1

[Event "AUTO-INT-3948"]
[Site "http://www.queenalice.com/game.php?id=1867493"]
[Date "2026.1.1"]
[Round "2"]
[White "game"]
[Black "mvson33"]
[Result "0-1"]
[WhiteElo "1673"]
[BlackElo "1938"]

1. e4 e5 2. Nf3 Nc6 3. Bc4 Bc5 4. d3 Nf6 5. Ng5 O-O 6. Be3 Bxe3 7. fxe3 d5 8.
Bxd5 Nxd5 9. exd5 Qxd5 10. e4 Qd8 11. h4 h6 12. Nf3 Bg4 13. Nbd2 Nd4 14. c3
Nxf3+ 15. gxf3 Be6 16. Nc4 Qe7 17. Nxe5 Rad8 18. Qa4 a6 19. d4 Bd7 20. Qc2 Bc8
21. f4 Rfe8 22. O-O-O f6 23. Ng6 Qxe4 24. Qb3+ Kh7 25. h5 Bf5 26. Qf7 Qc2# 0-1

[Event "AUTO-INT-3948"]
[Site "http://www.queenalice.com/game.php?id=1867494"]
[Date "2026.1.1"]
[Round "2"]
[White "mvson33"]
[Black "game"]
[Result "1-0"]
[WhiteElo "1971"]
[BlackElo "1700"]

1. e4 c5 2. Nf3 Nf6 3. Nc3 d6 4. Bc4 Bg4 5. O-O e5 6. d3 Bxf3 7. Qxf3 Be7 8. Bg5
Nc6 9. a3 Nd4 10. Qd1 Qb6 11. Rb1 O-O 12. Ne2 Rae8 13. Nxd4 cxd4 14. f4 exf4 15.
Bxf4 Qc5 16. Bb3 Nh5 17. Bd2 g6 18. g4 Nf6 19. Bh6 d5 20. Bxf8 Rxf8 21. h3 dxe4
22. Kh1 a5 23. Qe2 exd3 24. cxd3 Bd8 25. Qf3 Qd6 26. Qf4 Qc6+ 27. Qf3 Qb6 28.
Bc4 g5 29. Qf5 Qc6+ 30. Kg1 h6 31. Rbc1 Qd6 32. Qf2 Kh7 33. Qf5+ Kg8 34. Rf2
Qg3+ 35. Kh1 Qxh3+ 36. Rh2 Qe3 37. Rf1 Kg7 38. Rf3 Qe7 39. Rxh6 Kxh6 40. Rh3+
Kg7 41. Qxg5# 1-0

[Event "AUTO-INT-3956"]
[Site "http://www.queenalice.com/game.php?id=1867675"]
[Date "2026.1.7"]
[Round "1"]
[White "JoseMessias"]
[Black "game"]
[Result "1-0"]
[WhiteElo "1602"]
[BlackElo "1721"]

1. b3 c5 2. d4 Na6 3. d5 d6 4. e4 Nf6 5. Bg5 g6 6. Bb5+ Bd7 7. Bxa6 bxa6 8. Bxf6
exf6 9. c3 Bg7 10. Nd2 f5 11. Ngf3 Qe7 12. O-O fxe4 13. Re1 f5 14. c4 Bxa1 15.
Qxa1 O-O 16. h3 Qd8 17. Nh2 Rf7 18. f3 Qg5 19. Re2 Qh5 20. Ndf1 Rg7 21. Re3 Re8
22. Qe1 Rge7 23. Ng3 Qg5 24. Ngf1 f4 25. h4 Qe5 26. Rxe4 Qf6 27. g4 Rxe4 28.
fxe4 g5 29. h5 Qd4+ 30. Kh1 Rxe4 31. Qd2 Qa1 32. Qg2 Qd4 33. Nf3 Qd3 34. N1d2
Re2 35. Qg1 Rxd2 36. Nxd2 Qxd2 37. h6 Qxa2 38. Qd1 Qf2 39. Qg1 Qf3+ 40. Qg2 Qxb3
41. Qe4 Bxg4 42. Qe8# 1-0

[Event "AUTO-INT-3956"]
[Site "http://www.queenalice.com/game.php?id=1867676"]
[Date "2026.1.7"]
[Round "1"]
[White "game"]
[Black "JoseMessias"]
[Result "1-0"]
[WhiteElo "1668"]
[BlackElo "1631"]

1. e4 e5 2. Nf3 d5 3. Nxe5 dxe4 4. Bc4 Be6 5. Nc3 Bxc4 6. Nxc4 Qd4 7. b3 Bc5 8.
O-O b5 9. Nb2 b4 10. Nca4 Nd7 11. Qg4 e3 12. Qe2 O-O-O 13. dxe3 Qh4 14. Nd3 Re8
15. Bd2 Bd4 16. Qf3 Kd8 17. exd4 a5 18. Rae1 Ngf6 19. Qa8+ Nb8 20. Ndc5 Qxd4 21.
Qxb8# 1-0

[Event "AUTO-INT-3956"]
[Site "http://www.queenalice.com/game.php?id=1867701"]
[Date "2026.1.7"]
[Round "1"]
[White "jenyasm"]
[Black "game"]
[Result "1-0"]
[WhiteElo "1620"]
[BlackElo "1692"]

1. e4 c5 2. Nf3 d6 3. d4 c4 4. d5 Bg4 5. Be2 Qa5+ 6. Nc3 Nf6 7. Bd2 Qb6 8. Rb1
Bh5 9. Bxc4 Ng4 10. O-O Qc7 11. h3 Ne5 12. Be2 Nbd7 13. Nb5 Qb6 14. Be3 Qd8 15.
Nfd4 g6 16. Bxh5 gxh5 17. Qxh5 Ng6 18. Qe2 Nde5 19. c4 a6 20. Nc3 Rc8 21. b3 Rg8
22. Nf3 Bg7 23. Nxe5 Nxe5 24. Bf4 Ng6 25. Bd2 e6 26. Rfe1 exd5 27. exd5+ Kd7 28.
Qg4+ Kc7 29. Ne4 Ne5 30. Qf5 Nd3 31. Re3 Nb4 32. Bxb4 Bd4 33. Ba5+ b6 34. Rd3
bxa5 35. Rxd4 Qh4 36. Qxf7+ Kb8 37. Nxd6 Rcf8 38. Qb7# 1-0

[Event "AUTO-INT-3956"]
[Site "http://www.queenalice.com/game.php?id=1867702"]
[Date "2026.1.7"]
[Round "1"]
[White "game"]
[Black "jenyasm"]
[Result "1-0"]
[WhiteElo "1673"]
[BlackElo "1639"]

1. e4 e5 2. Nf3 Nc6 3. Bb5 d6 4. d4 exd4 5. Ng5 Bd7 6. Bc4 Be6 7. b3 Bxc4 8.
bxc4 g6 9. h4 Bg7 10. Qf3 Qe7 11. Nd2 d3 12. Rb1 dxc2 13. Rxb7 Nd4 14. Qc3 Be5
15. Qa3 Nc6 16. Qa4 Qd7 17. Qxc2 Qc8 18. Qb3 Na5 19. Qf3 f6 20. Rb5 Nc6 21. Nh3
Rb8 22. Rxb8 Qxb8 23. O-O Nd4 24. Qd3 Ne7 25. f4 Rf8 26. fxe5 fxe5 27. Ng5 Rxf1+
28. Qxf1 Kd7 29. Nxh7 Qb6 30. Nf8+ Kc6 31. Kh2 Qa6 32. Qf6 Qxa2 33. Qxe7 Qa1 34.
Qd7+ Kb6 35. c5+ dxc5 36. Nc4+ Kb7 37. Nd6+ 1-0

[Event "AUTO-ADV-4914"]
[Site "http://www.queenalice.com/game.php?id=1868227"]
[Date "2026.1.21"]
[Round "1"]
[White "game"]
[Black "Fauquinelle"]
[Result "0-1"]
[WhiteElo "1736"]
[BlackElo "2014"]

1. e4 c6 2. Nf3 d5 3. e5 Bf5 4. d3 Nd7 5. d4 e6 6. Ng5 Qb6 7. Bd3 Qxd4 8. O-O
Qxe5 9. Re1 Qf6 10. Bxf5 Qxf5 11. Nc3 Bc5 12. Rf1 O-O-O 13. Qh5 Nh6 14. Qh4 Ne5
15. Be3 Bb6 16. Bf4 Ng6 17. Qg3 Nxf4 18. Rae1 Bc7 19. Qh4 d4 20. Ne2 Nxe2+ 21.
Rxe2 d3 22. cxd3 Rxd3 23. Nh3 Ng4 24. f3 Nxh2 25. Rfe1 Rxf3 26. Rf2 Qc5 27. gxf3
Nxf3+ 0-1

[Event "AUTO-ADV-4914"]
[Site "http://www.queenalice.com/game.php?id=1868246"]
[Date "2026.1.21"]
[Round "1"]
[White "game"]
[Black "Magnaroc"]
[Result "0-1"]
[WhiteElo "1659"]
[BlackElo "1921"]

1. e4 e5 2. Nf3 Nc6 3. Bc4 Nf6 4. Ng5 d5 5. exd5 Nxd5 6. Qf3 Qxg5 7. Bxd5 Qg6 8.
Be4 f5 9. Bd5 Nd4 10. Qc3 c6 11. Bc4 Qxg2 12. Rf1 b5 13. Bd3 a5 14. b3 Bb4 15.
Qb2 Nf3+ 16. Ke2 e4 17. Bxe4 fxe4 18. c3 Bc5 19. Qc2 Bf5 20. Bb2 Nxh2 21. d4
exd3+ 0-1

[Event "AUTO-ADV-4914"]
[Site "http://www.queenalice.com/game.php?id=1868247"]
[Date "2026.1.21"]
[Round "1"]
[White "Magnaroc"]
[Black "game"]
[Result "0-1"]
[WhiteElo "1912"]
[BlackElo "1674"]

1. e4 Nc6 2. d4 e6 3. Nf3 Nf6 4. Bg5 Be7 5. e5 Ng4 6. Bxe7 Qxe7 7. h3 Nh6 8. Nc3
Qb4 9. Rb1 Qb6 10. Bb5 a6 11. Bxc6 dxc6 12. O-O Nf5 13. Na4 Qa5 14. Nc3 O-O 15.
a3 Rd8 16. Ne2 c5 17. c3 cxd4 18. cxd4 c5 19. Re1 cxd4 20. Nexd4 b5 21. b4 Qxa3
22. Qb3 Qa4 23. Qxa4 bxa4 24. Nxf5 exf5 25. Red1 Bd7 26. Nd4 Rac8 27. f4 g5 28.
fxg5 Rc3 29. Nf3 f4 30. Rd4 a3 31. Rbd1 Kf8 32. Rxd7 Rxd7 33. Rxd7 Rc1+ 34. Kf2
a2 0-1

[Event "AUTO-ADV-4915"]
[Site "http://www.queenalice.com/game.php?id=1868444"]
[Date "2026.1.26"]
[Round "1"]
[White "game"]
[Black "JoseMessias"]
[Result "0-1"]
[WhiteElo "1743"]
[BlackElo "1607"]

1. e4 b6 2. Nf3 Bb7 3. Bc4 Bxe4 4. O-O d5 5. Bb5+ c6 6. Ba4 b5 7. Bb3 c5 8. d3
Bf5 9. Re1 c4 10. dxc4 dxc4 11. Qxd8+ Kxd8 12. Ng5 Nh6 13. Rd1+ Nd7 14. g4 Bxg4
15. Rd5 a6 16. h3 e6 17. Rd4 Bf5 18. Bxc4 bxc4 19. Rxc4 f6 20. Nf3 g5 21. Nd4
Bxh3 22. b3 Nb6 23. Nc6+ Kc7 24. Rc3 g4 25. Nd4+ Kd7 26. Be3 Bb4 27. Rc6 Rab8
28. Bxh6 e5 29. Rc4 Nxc4 30. bxc4 exd4 31. Bg7 Rhg8 32. Bxf6 Rge8 33. Kh2 Rf8
34. Be5 Rxf2+ 35. Kg3 Rf3+ 36. Kh4 Be7+ 37. Kh5 Rf5+ 38. Kh6 Rxe5 39. Nd2 Rb6+
40. Kxh7 Rh5+ 41. Kg7 Bf6+ 42. Kg6 Rg5+ 43. Kh6 Rb8 44. Rd1 Rh8# 0-1

[Event "AUTO-OPEN-4636"]
[Site "http://www.queenalice.com/game.php?id=1868558"]
[Date "2026.1.27"]
[Round "1"]
[White "EdsonEstevam"]
[Black "game"]
[Result "0-1"]
[WhiteElo "1718"]
[BlackElo "1727"]

1. e4 c5 2. Bc4 b6 3. Bd5 e5 4. Nf3 Nc6 5. Nxe5 Qf6 6. Nxc6 dxc6 7. Bc4 Nh6 8.
d3 Ng4 9. O-O Qd6 10. h3 Qh2# 0-1